[Event "85th Southwest Open 2019"]
[Site "Dallas"]
[Date "2019.09.03"]
[Round "9.14"]
[White "Kambrath, Yannick"]
[Black "Grinberg, Eyal"]
[Result "0-1"]
[WhiteElo "2365"]
[BlackElo "2486"]
[Annotator "TA"]
[PlyCount "46"]
[EventDate "2019.08.29"]
[EventType "swiss"]
[EventCountry "USA"]
[SourceTitle "playchess.com"]
[Source "ChessBase"]
[SourceQuality "1"]

{[%evp 12,46,27,30,33,18,32,21,52,21,20,27,21,10,31,19,28,-10,0,0,0,0,-7,-4,-6,-8,0,0,0,0,0,-396,-403,-403,-399,-520,-504]} 1. d4 Nf6 2. c4 e6 3. Nf3 a6 4. Bg5 Be7 5. Nc3 d5 6. e3 dxc4 7. Bxc4 b5 {D53: Queen's Gambit Declined: 4 Bg5 Be7: Early deviations} 8. Bd3 Bb7 9. O-O (9. Qe2 Nbd7 10. e4 h6 11. Bxf6 Bxf6 12. e5 Be7 13. a4 O-O 14. O-O c5 15. axb5 Bxf3 16. Qxf3 cxd4 {½-½ (26) Indjic,A (2536)-Miladinovic,I (2556) Sarajevo 2013}) 9... O-O {The position is equal.} 10. Qe2 Nbd7 11. Rfd1 $146 ({Predecessor:} 11. Rac1 Rc8 12. a3 c5 13. dxc5 Nxc5 {0-1 (46) Hoang,T-Nguyen Van Toan,T Hanoi 2009}) 11... h6 12. Bh4 Nd5 {Threatens to win with ...Nxc3.} 13. Bxe7 Qxe7 14. Nxd5 Bxd5 15. a4 bxa4 16. Rdc1 c5 17. Rxa4 Bxf3 18. Qxf3 cxd4 19. Qe4 {[%csl Gd3][%cal Re4h7]} Nf6 20. Qxd4 Rfd8 21. Qc4 $2 {[%mdl 8192] [#]} (21. Qc3 $11 {and White stays safe.}) 21... Qd7 $1 $19 22. Rd1 {[#] next Bh7+! is good for White.} Rac8 $1 23. Qd4 Qe8 {Accuracy: White = 47%, Black = 65%.} 0-1

[Event "85th Southwest Open 2019"]
[Site "Dallas"]
[Date "2019.09.03"]
[Round "9.15"]
[White "Reshef, Omer"]
[Black "Yu, Jennifer"]
[Result "1-0"]
[WhiteElo "2467"]
[BlackElo "2263"]
[Annotator "TA"]
[PlyCount "59"]
[EventDate "2019.08.29"]
[EventType "swiss"]
[EventCountry "USA"]
[SourceTitle "playchess.com"]
[Source "ChessBase"]
[SourceQuality "1"]

{[%evp 9,59,-5,0,5,-1,-24,-22,-32,-17,-20,-7,-18,-23,-30,-12,-31,0,0,46,10,1,0,183,180,286,310,578,600,591,567,852,630,618,626,599,625,598,417,876,879,849,847,833,801,1143,1122,1836,1788,5481,5461,5013,2363]} 1. Nf3 g6 2. g3 Bg7 3. Bg2 e5 4. d3 Ne7 5. c4 c6 (5... d6 6. Nc3 Nbc6 7. Rb1 a6 8. e4 b5 9. b3 O-O 10. h4 Bg4 11. Ne2 h5 12. Nh2 Be6 13. Nf1 Qd7 14. Ne3 Rab8 15. Nd5 {0-1 (40) Mamedov,R (2667)-Rapport,R (2739) Hengshui 2019}) 6. O-O {A04: Unusual lines after 1 Nf3 and King's Indian Attack} O-O 7. Nc3 d5 8. Qc2 {The position is equal.} h6 9. b4 dxc4 $146 ({Predecessor:} 9... Be6 10. Nd2 f5 11. Rb1 e4 12. dxe4 dxe4 13. Rd1 Qc7 14. e3 Nd7 15. Ne2 {0-1 (56) Kutlyarov,A (2190)-Gazizov,I (2065) Ufa 2006}) 10. dxc4 e4 $1 {[%cal Re4f3]} 11. Nd2 {[#]} e3 $1 {[%mdl 512]} 12. fxe3 Qb6 (12... Nf5 $5 {[%cal Rf5e3]} 13. Nde4 Nd7 $11) 13. Nde4 Qxb4 14. Nf6+ Bxf6 $1 15. Rxf6 Qxc4 $2 (15... Nf5 $1 $11 {and Black has nothing to worry.}) 16. Ba3 $18 Nf5 {[#]} (16... Bf5 {was worth a try.} 17. Qd2 Nd7) 17. Rf1 $1 {[%cal Rf1f4] Black must now prevent Rf4.} ({Not} 17. Bxf8 Kxf8 18. Rf1 Qc5 $16) 17... Re8 $2 (17... Nd7) 18. Rf4 Qa6 19. Bb2 Qb6 20. Nd1 Nd7 21. R6xf5 gxf5 22. Qxf5 {[%csl Gf4][%cal Rf5f7]} Ne5 23. Qf6 Re6 {[#]} (23... c5 $142 24. Bxe5 Qxf6 25. Bxf6 a5) 24. Rg4+ $1 {[%mdl 512] White is clearly winning.} Kf8 (24... Nxg4 25. Qh8#) 25. Qg7+ Ke7 26. Bxe5 {Rf4 would kill now.} Qa5 27. Bc3 Qf5 28. Rf4 Rg6 29. Bb4+ c5 {[#]} 30. Bxc5+ $1 {[%mdl 512] Accuracy: White = 81%, Black = 26%.} 1-0

[Event "85th Southwest Open 2019"]
[Site "Dallas"]
[Date "2019.09.03"]
[Round "9.16"]
[White "Kumar, Nikhil"]
[Black "Mishra, Abhimanyu"]
[Result "1/2-1/2"]
[WhiteElo "2297"]
[BlackElo "2377"]
[Annotator "TA"]
[PlyCount "101"]
[EventDate "2019.08.29"]
[EventType "swiss"]
[EventCountry "USA"]
[SourceTitle "playchess.com"]
[Source "ChessBase"]
[SourceQuality "1"]

{[%evp 15,101,27,29,29,39,29,42,0,0,2,17,0,0,0,0,0,5,5,6,0,0,0,0,0,0,0,0,0,0,-46,-45,-162,-167,-173,-171,-199,-108,-109,-119,-117,-109,-128,-90,-164,-94,-126,0,0,0,0,0,-49,-58,-49,-43,-41,0,0,0,0,0,0,0,0,0,0,0,0,0,0,0,0,0,0,0,0,0,0,0,0,0,0,0,0,0,0,0,0]} 1. d4 Nf6 2. c4 g6 3. Nc3 d5 4. Bf4 Bg7 5. e3 c6 6. Rc1 O-O 7. Nf3 Be6 8. Ng5 Bf5 9. Be2 {D93: Grünfeld: 4 Nf3 Bg7 5 Bf4 0-0 6 e3} Qb6 10. Qd2 h6 11. c5 $146 {White is slightly better.} ({Predecessor:} 11. Nf3 Ne4 12. Nxe4 Bxe4 13. O-O Nd7 14. Rfd1 dxc4 15. Bxc4 Bxf3 16. gxf3 a5 {1-0 (34) Jussupow,A (2655)-Gavrikov,V (2600) Horgen 1994}) 11... Qd8 12. Nf3 Nbd7 13. h3 Ne4 14. Qd1 Re8 15. O-O Nxc3 16. Rxc3 e5 17. Nxe5 Nxe5 18. Bxe5 Bxe5 19. dxe5 Rxe5 20. Qd2 Qe7 21. Rd1 Re8 22. b4 Qh4 23. f4 (23. Bf3 $15) 23... Re4 $19 24. Rd3 Rc4 25. Bf1 Bxd3 (25... a5 $19 26. a3 Qe7) 26. Bxd3 $17 {[#]} Rce4 $1 {[%mdl 512]} 27. Bxe4 Rxe4 {[%mdl 4096] Endgame KQR-KQR} 28. a3 Qf6 29. Qd3 (29. Rb1 $17 {might work better.}) 29... Rc4 (29... Qe7 $19 30. Re1 {[#]} Rxf4 $1 {[%mdl 512]} 31. exf4 Qxe1+ 32. Kh2 Kg7 33. Qd4+ f6) 30. Qe2 Rc3 (30... Qc3 $17 31. Rd3 Qa1+ 32. Kh2 Qc1) 31. Qb2 $11 Qg7 32. Kf2 $1 Rc4 33. Qxg7+ ({White should play} 33. Rd4 $11) 33... Kxg7 {KR-KR} 34. Ke2 Kf6 35. g4 g5 36. Rd4 {The position is equal.} Rc3 37. Rd3 Rc2+ 38. Rd2 $1 {[%cal Rd2c2]} Rc1 39. Rd1 Rxd1 40. Kxd1 gxf4 41. exf4 {KP-KP} Kg6 42. Ke2 f5 43. Ke3 fxg4 44. hxg4 h5 45. gxh5+ $1 Kxh5 {Strongly threatening ...Kg4.} 46. Kd4 Kg6 {And now ...Kf5 would win.} 47. Ke5 Kg7 48. Kf5 Kf7 49. Ke5 Ke7 50. Kf5 Kf7 51. Ke5 {Accuracy: White = 60%, Black = 75%.} 1/2-1/2

[Event "85th Southwest Open 2019"]
[Site "Dallas"]
[Date "2019.09.02"]
[Round "9.16"]
[White "Kumar, Nikhil"]
[Black "Mishra, Abhimanyu"]
[Result "*"]
[WhiteElo "2297"]
[BlackElo "2377"]
[Annotator "TA"]
[PlyCount "32"]
[EventDate "2019.08.29"]
[EventType "swiss"]
[EventCountry "USA"]
[SourceTitle "playchess.com"]
[Source "ChessBase"]
[SourceQuality "1"]

{[%evp 15,18,28,38,34,38]} 1. d4 Nf6 2. c4 g6 3. Nc3 d5 4. Bf4 Bg7 5. e3 c6 6. Rc1 O-O 7. Nf3 Be6 8. Ng5 Bf5 9. Be2 {D93: Grünfeld: 4 Nf3 Bg7 5 Bf4 0-0 6 e3} Qb6 {Predecessor:} 10. Qd2 $146 h6 11. Nf3 Ne4 12. Nxe4 Bxe4 13. O-O Nd7 14. Rfd1 dxc4 15. Bxc4 Bxf3 16. gxf3 a5 {1-0 (34) Jussupow,A (2655)-Gavrikov,V (2600) Horgen 1994} *

[Event "85th Southwest Open 2019"]
[Site "Dallas"]
[Date "2019.09.02"]
[Round "9.17"]
[White "Wheeler, Cameron"]
[Black "Shamatava, Ana"]
[Result "1/2-1/2"]
[WhiteElo "2397"]
[BlackElo "2159"]
[Annotator "TA"]
[PlyCount "33"]
[EventDate "2019.08.29"]
[EventType "swiss"]
[EventCountry "USA"]
[SourceTitle "playchess.com"]
[Source "ChessBase"]
[SourceQuality "1"]

{[%evp 21,33,47,72,77,64,59,85,82,95,47,69,50,60,68]} 1. d4 Nf6 2. c4 e6 3. Nc3 c5 4. d5 exd5 5. cxd5 d6 6. Nf3 g6 7. Bf4 Bg7 8. Qa4+ Bd7 9. Qb3 Qc7 10. e4 O-O 11. Be2 a6 12. e5 {A70: Modern Benoni: 6 e4 g6 7 Nf3} (12. a4 Bg4 13. h3 Bxf3 14. Bxf3 Nfd7 15. O-O Ne5 16. Be2 Nbd7 17. Be3 c4 18. Qa2 f5 19. f4 Nf7 20. exf5 {1-0 (74) Postny,E (2615)-Akopian,V (2650) St Petersburg 2018}) 12... Nh5 13. exd6 Qc8 14. Be3 Bf5 $146 ({Predecessor:} 14... b5 15. O-O c4 16. Qc2 Bf5 17. Qd2 Nf6 18. Nd4 {1-0 (27) Campora,D (2466)-Fernandez Ruiz,M (2025) Seville 2016}) 15. Na4 {[#] aiming for Nb6.} Nd7 16. Rc1 Qd8 17. O-O 1/2-1/2

[Event "85th Southwest Open 2019"]
[Site "Dallas"]
[Date "2019.09.03"]
[Round "9.18"]
[White "Bajarani, Ulvi"]
[Black "Kung, Thomas"]
[Result "1/2-1/2"]
[WhiteElo "2501"]
[BlackElo "2200"]
[Annotator "TA"]
[PlyCount "129"]
[EventDate "2019.08.29"]
[EventType "swiss"]
[EventCountry "USA"]
[SourceTitle "playchess.com"]
[Source "ChessBase"]
[SourceQuality "1"]

{[%evp 9,129,23,25,18,33,33,22,22,33,30,27,17,22,0,9,10,15,0,0,0,-3,-42,-34,-76,-74,-90,-65,-63,0,0,0,0,21,0,0,0,22,22,22,22,22,22,22,22,28,28,48,47,62,55,62,0,62,0,40,22,22,22,48,22,48,48,48,48,48,0,22,22,48,0,22,22,22,22,48,48,48,22,48,0,0,0,0,0,0,0,0,0,0,0,0,0,0,0,0,0,0,0,0,0,0,0,0,0,0,0,0,0,0,0,0,0,0,0,0,-121,0,0,0,0,0,0]} 1. d4 d5 2. c4 c6 3. cxd5 cxd5 4. Bg5 (4. Bf4 Nc6 5. Nc3 Nf6 6. e3 a6 7. Rc1 e6 8. Bd3 Be7 9. Nf3 O-O 10. h3 Bd6 11. O-O Bxf4 12. exf4 Qd6 13. Ne5 Bd7 14. Nxc6 Bxc6 15. Qd2 Ne4 16. Qe3 Qb4 17. Nxe4 dxe4 18. Bxe4 Bxe4 19. Qxe4 Qxb2 {0-1 (55) Lysyj,I (2642)-Malakhov,V (2660) Sochi 2019}) 4... Nf6 5. Bxf6 gxf6 6. Nc3 {D10: Slav Defence: 3 cxd5 (without early Nf3) and 3 Nc3} Nc6 7. e3 e6 8. Bd3 Bd6 9. a3 f5 10. g3 $146 ({Predecessor:} 10. f4 Bd7 11. Qh5 Rc8 12. Nf3 Qf6 13. Ne5 Na5 {½-½ (36) Weinberg,E (1725)-Voltolini,G (2285) San Martino di Castrozza 2002}) 10... Bd7 11. Nge2 Rc8 12. b4 {[%cal Bb2b4,Bb4b5][%mdl 32]} a5 13. b5 Ne7 {[%cal Bc6e7,Be7g8,Bg8f6][%mdl 32]} 14. Qb3 Ng8 15. Kd2 Nf6 16. f3 h5 17. h4 Rg8 18. Rhg1 $1 Qc7 (18... Kf8 $15) 19. Rac1 $11 Qb8 {[%cal Rd6g3]} ({Not} 19... Bxg3 $2 20. Nxg3 Qd8 {[#]} 21. Nxh5 $1 $18 {[%mdl 512]}) 20. Nf4 b6 21. Nce2 Ke7 22. Rxc8 Rxc8 23. Rc1 Rxc1 24. Kxc1 Qc8+ 25. Kd2 Qg8 26. Ke1 Qf8 27. Kf2 Kd8 28. a4 Bc8 29. Qc2 Bb7 30. Nc1 (30. Qb2 $14) 30... Ke7 (30... Bxf4 $11 31. exf4 Qa3) 31. Nb3 (31. Nh3 $14) 31... Qc8 (31... Bxf4 {seems wilder.} 32. gxf4 Kd8 33. Nc1 Qe7 34. Be2 Nd7) 32. Qxc8 Bxc8 33. Nh3 Bb4 34. Be2 Bd7 35. Nc1 Be8 36. Nd3 Bd6 37. Bd1 Nd7 38. Kg2 Nf6 39. Nhf2 Kf8 40. Bc2 Ke7 41. Nf4 Bb4 42. Kf1 Bd6 43. Ke2 Bc7 44. e4 (44. N2d3 {looks sharper.} Bd7 45. Kd2 Bc8 46. Bd1 Bd6 47. Kc3) 44... fxe4 45. fxe4 Bxf4 46. gxf4 Nxe4 47. Bxe4 dxe4 48. Nxe4 {[%mdl 4096] Endgame KB-KN} f6 49. Nd2 {Threatens to win with Nc4.} Kd6 50. Kd3 Bg6+ 51. Kc3 $1 Bf5 52. Nc4+ Kc7 53. Ne3 Be4 54. Kb3 Bd5+ 55. Kb2 Kd6 56. Kc3 Be4 57. Nc4+ Kc7 58. Nd2 Bd5 59. Nf1 Kd6 60. Ne3 Be4 61. Kd2 Bd5 {With the idea ...Bb3.} 62. Nd1 (62. Kc3 $11 {keeps the balance.}) 62... Bf3 (62... Bb3 $17 {Hoping for ...Bxd1.} 63. Nc3 e5 64. dxe5+ fxe5) 63. Nc3 {The position is equal.} Bd5 64. Kc2 Bf3 65. Kd3 {Accuracy: White = 57%, Black = 44%.} 1/2-1/2

[Event "85th Southwest Open 2019"]
[Site "Dallas"]
[Date "2019.09.02"]
[Round "9.18"]
[White "Bajarani, Ulvi"]
[Black "Kung, Thomas"]
[Result "*"]
[WhiteElo "2501"]
[BlackElo "2200"]
[Annotator "TA"]
[PlyCount "22"]
[EventDate "2019.08.29"]
[EventType "swiss"]
[EventCountry "USA"]
[SourceTitle "playchess.com"]
[Source "ChessBase"]
[SourceQuality "1"]

{[%evp 7,7,-10]} 1. d4 d5 2. c4 c6 3. cxd5 cxd5 4. Bg5 {Predecessor:} Nf6 $146 5. Bxf6 gxf6 6. Nc3 e6 7. e3 Nd7 8. Bd3 f5 9. h3 h5 10. h4 Nf6 11. Nge2 Bd6 {0-1 (32) Mamedyarov,S (2808)-Aronian,L (2764) Paris 2018} *

[Event "85th Southwest Open 2019"]
[Site "Dallas"]
[Date "2019.09.03"]
[Round "9.19"]
[White "Yip, Carissa"]
[Black "Chen, Ryo"]
[Result "1-0"]
[WhiteElo "2425"]
[BlackElo "1957"]
[Annotator "TA"]
[PlyCount "99"]
[EventDate "2019.08.29"]
[EventType "swiss"]
[EventCountry "USA"]
[SourceTitle "playchess.com"]
[Source "ChessBase"]
[SourceQuality "1"]

{[%evp 17,99,0,8,0,0,0,18,0,14,0,0,0,0,0,0,-18,0,0,0,0,0,0,0,-39,-19,-29,-23,-34,-26,-33,0,0,0,-18,-14,-9,0,-29,0,0,0,0,0,0,0,0,0,0,0,-51,0,0,206,0,0,0,0,0,85,126,178,170,474,149,476,479,476,454,748,654,613,612,1759,1753,1744,1737,1716,1711,1693,1693,1701,1663,1062,908]} 1. e4 c5 2. Nf3 d6 3. d4 cxd4 4. Nxd4 Nf6 5. Nc3 g6 6. Be2 Bg7 7. O-O Nc6 8. Nb3 O-O 9. Bg5 a6 10. f3 {B70: Sicilian Dragon: 6 g3 and 6 Be2 (without a later Be3)} (10. f4 b5 11. Bf3 b4 12. Na4 Qc7 13. c4 Nd7 14. Kh1 Nb6 15. Nxb6 Qxb6 16. e5 dxe5 17. Bxe7 Nxe7 18. Bxa8 exf4 19. Qf3 g5 20. Be4 Bxb2 {½-½ (31) Fedorov,A (2568)-Jojua,D (2590) Batumi 2018}) 10... Be6 11. Qd2 b5 $146 {[%cal Bb7b5,Bb5c4][%mdl 32]} ({Predecessor:} 11... Nd7 12. Rab1 a5 13. Be3 a4 14. Nd4 Nxd4 15. Bxd4 Bxd4+ 16. Qxd4 Qb6 17. Qxb6 Nxb6 {½-½ (17) Wicklund Hansen,G (1831)-Korzun,S (1890) LSS email 2008}) 12. Kh1 {The position is equal.} Na5 13. Nd5 Nc4 14. Bxc4 $1 bxc4 15. Bxf6 $1 exf6 16. Nd4 Bxd5 17. exd5 f5 18. Nc6 c3 19. bxc3 Qb6 20. Rab1 Qc5 {[%mdl 1024] Black has compensation.} 21. Rb3 Rfe8 22. Rfb1 a5 23. a4 Qc4 24. Qd3 Qc5 25. h3 Qf2 {aiming for ...Re2.} 26. Qf1 Qd2 27. Qd1 Qf2 28. c4 Re2 {[%csl Ge2][%cal Rf2g2]} 29. Qg1 $36 {[%mdl 2048] White is pushing.} Qg3 30. Qh2 Qf2 31. Qg1 {Strongly threatening Qxf2.} Qg3 32. c5 dxc5 33. Qh2 (33. f4 $1 $11 Qxf4 34. Rb8+ Rxb8 35. Rxb8+ Bf8 36. Qa1) 33... Qf2 ({Better is} 33... Qxh2+ $1 $15 34. Kxh2 Bf8) 34. d6 $11 c4 $2 (34... Bf6 $11 {and Black has nothing to worry.}) 35. Rb7 $2 (35. Rb8+ $18 Rxb8 36. Ne7+ (36. Rxb8+ $2 {loses.} Bf8 $19) 36... Rxe7 37. Rxb8+ Bf8 38. dxe7 {[%mdl 64] Pin} Qe1+ 39. Qg1 Qxe7 40. Qd4) 35... Bf6 36. d7 $1 {And now Rg1 would win.} Kg7 37. Rc7 Rg8 (37... Rf8 $1 $11) 38. Rc8 $16 {Qg1 is the strong threat.} Re1+ (38... Rd2 $16 {might work better.}) 39. Rxe1 $18 Qxe1+ 40. Qg1 Qd2 $2 {[%mdl 8192] [#]} (40... Qe6 $16 {is more resistant.}) 41. Rxg8+ $1 {White is clearly winning.} Kxg8 {[#]} 42. Qd4 $1 {[%cal Rd4d2][%mdl 576] Promotion} Qxd4 (42... Qxc2 $142 43. Kh2 Qd3) 43. Nxd4 {[%mdl 4096] Endgame KB-KN} Kf8 {and if ...Ke7 works, Black does fine.} 44. Nc6 c3 45. d8=Q+ Bxd8 46. Nxd8 Ke7 47. Nc6+ Kd6 48. Nxa5 Kc5 49. Nb3+ Kb4 50. a5 {Accuracy: White = 65%, Black = 45%.} 1-0

[Event "85th Southwest Open 2019"]
[Site "Dallas"]
[Date "2019.09.03"]
[Round "9.20"]
[White "Yanayt, Eugene"]
[Black "Logozar, Elijah"]
[Result "1-0"]
[WhiteElo "2240"]
[BlackElo "2058"]
[Annotator "TA"]
[PlyCount "69"]
[EventDate "2019.08.29"]
[EventType "swiss"]
[EventCountry "USA"]
[SourceTitle "playchess.com"]
[Source "ChessBase"]
[SourceQuality "1"]

{[%evp 13,69,1,9,2,-1,-9,0,-8,-9,-39,0,-9,65,65,77,71,70,42,77,69,85,89,99,75,131,120,128,109,130,139,144,133,221,179,269,270,257,248,223,141,279,294,273,284,283,272,306,298,467,445,876,894,885,866,2379,1949,1659,1165]} 1. d4 d5 2. c4 c6 3. Nf3 Nf6 4. Qc2 g6 5. Bf4 Bg7 6. e3 O-O 7. Nc3 c5 8. dxc5 {D93: Grünfeld: 4 Nf3 Bg7 5 Bf4 0-0 6 e3} Qa5 9. Nd2 {Black must now prevent Nb3.} (9. Rd1 dxc4 10. Bxc4 Qxc5 11. Bb3 Nc6 12. O-O Bf5 13. Qe2 Rad8 14. h3 h6 15. e4 g5 16. Be3 Qa5 17. exf5 Qxf5 18. Nd4 {1-0 (18) Bu,X (2730)-Ibrahimov,R (2518) Riadh 2017}) 9... dxc4 10. Bxc4 {The position is equal.} Qxc5 11. Nb5 Na6 12. Nc7 $1 {[%cal Rc7a6]} e5 $146 ({Black should play} 12... Nb4 $11 13. Bxf7+ (13. Qc1 e5 $17) 13... Rxf7 14. Qxc5 Nd3+ 15. Kf1 Nxc5 16. Nxa8 b6) ({Predecessor:} 12... Bf5 13. Nxa6 Qa5 14. Bc7 bxa6 15. Bxa5 Bxc2 {1-0 (56) Zhao,J (2575)-Zeng,C (2350) China 2010}) 13. Nxa6 $14 (13. Nxa8 exf4 14. O-O b5 $19) 13... Qe7 14. Bg5 bxa6 15. e4 Bb7 16. f3 Rfd8 17. O-O Rac8 18. Rac1 Rd6 ({Better is} 18... h6 19. Be3 Nd7) 19. Qa4 Rb6 20. Rc2 Bf8 21. Be3 Rb4 22. Qa5 Qd7 (22... Nd7 $16 {was worth a try.}) 23. a3 Ra4 (23... Rb6 $142 24. Qxe5 (24. Bxb6 axb6 25. Qxe5 Ne8 $16) 24... Rbc6) 24. Qxe5 $18 Bg7 {aiming for ...Nd5.} 25. Qg3 Ne8 {Black hopes to continue with ...Raxc4.} 26. e5 Nc7 (26... Qf5 $16 27. Bb3 Rxc2 28. Bxa4 Rc8) 27. Bb3 Ra5 28. Nc4 ({Weaker is} 28. Bxa7 Ne6 $16) 28... Rd5 29. Bxa7 {Strongly threatening Nb6.} Rd3 {[#]} 30. Nb6 $1 {[%csl LRc8,LRd7][%cal Rb6d7][%mdl 64] Double Attack} Qe8 (30... Qd4+ $142 31. Qf2 Qxf2+ 32. Kxf2 (32. Rfxf2 Rcd8 $18) 32... Rxb3) 31. Nxc8 {White is clearly winning.} Bxe5 {[#]} (31... Rxb3 $142 32. Rxc7 Bxc8) 32. Bxf7+ $1 {[%mdl 64] Decoy} Kxf7 (32... Qxf7 33. Qxe5) 33. Rxc7+ {[%mdl 64] Double Attack} Kf8 34. Bc5+ Kg8 35. Ne7+ {Accuracy: White = 64%, Black = 40%.} 1-0

[Event "85th Southwest Open 2019"]
[Site "Dallas"]
[Date "2019.09.03"]
[Round "9.21"]
[White "Vivekananthan, Anish"]
[Black "Yim, Sung Ho"]
[Result "1/2-1/2"]
[WhiteElo "2162"]
[BlackElo "2258"]
[Annotator "TA"]
[PlyCount "114"]
[EventDate "2019.08.29"]
[EventType "swiss"]
[EventCountry "USA"]
[SourceTitle "playchess.com"]
[Source "ChessBase"]
[SourceQuality "1"]

{[%evp 21,114,23,25,31,35,14,63,63,55,61,60,53,58,54,65,53,63,62,68,65,76,68,70,64,81,41,63,48,68,59,62,62,64,62,116,106,116,91,98,91,95,92,87,89,91,67,63,51,61,61,77,52,78,78,126,70,70,30,30,30,39,30,46,34,33,33,52,52,52,52,59,59,59,59,59,59,59,59,59,59,59,59,59,59,59,59,59,59,59,59,59,59,59,59,59]} 1. d4 Nf6 2. c4 e6 3. g3 d5 4. Bg2 Be7 5. Nf3 O-O 6. O-O dxc4 7. Ne5 Nc6 8. Nxc6 bxc6 9. Na3 Bxa3 10. bxa3 Nd5 11. Qa4 Nb6 12. Qa5 {E05: Open Catalan: 5 Nf3 Be7} Rb8 13. Rd1 {[%mdl 1024] [#] White has compensation.} Bb7 $146 (13... e5 $5) ({Predecessor:} 13... Nd5 14. e4 Rb5 15. Qd2 Nb6 16. a4 Nxa4 17. Qc2 Ra5 18. Ba3 c5 19. dxc5 Qf6 {1-0 (46) Erigaisi,A (2499)-Karthikeyan,M (2609) Biel 2018}) 14. a4 Qc8 15. Ba3 Rd8 16. Bc5 Re8 17. Bh3 Ra8 18. Rac1 Qd8 19. e4 Bc8 20. Bg2 Qd7 21. f4 f6 22. Rb1 Qd8 23. h4 Bd7 24. Bf1 Qc8 25. Qb4 a5 26. Qa3 Rb8 27. e5 Nd5 (27... f5 $14) 28. Bxc4 f5 29. Rb3 Ra8 30. Rdb1 Kh8 31. Qb2 Rg8 32. Kf2 Rd8 33. a3 Be8 34. Qd2 Bd7 35. R1b2 Rg8 36. Qc1 Re8 37. Qb1 Kg8 38. Kf3 (38. Ba7 $16) 38... Kh8 39. Ba7 {[#] Rb8 is the strong threat.} Qd8 $1 ({Don't blunder} 39... Rxa7 $2 40. Rb8 $18) 40. Rb8 Qe7 41. Rxa8 Rxa8 42. Rb8+ {White is slightly better.} Rxb8 43. Qxb8+ Qe8 44. Qxe8+ Bxe8 $14 {[%mdl 4096] Endgame KBB-KBN} 45. Bb8 Bh5+ 46. Kf2 Bd1 47. Bxd5 cxd5 48. Bxc7 {KB-KB} Kg8 49. Ke3 Kf7 50. Bxa5 Bxa4 51. Kd3 Ke7 52. Kc3 Kd7 53. Kb4 Bd1 54. Kc5 Bc2 55. Kb6 Bd1 56. Bb4 g6 57. Kb5 Be2+ {Accuracy: White = 60%, Black = 55%.} 1/2-1/2

[Event "85th Southwest Open 2019"]
[Site "Dallas"]
[Date "2019.09.02"]
[Round "9.22"]
[White "Polavaram, Rithik"]
[Black "Metpally, Jason"]
[Result "*"]
[WhiteElo "2062"]
[BlackElo "2125"]
[Annotator "TA"]
[PlyCount "29"]
[EventDate "2019.08.29"]
[EventType "swiss"]
[EventCountry "USA"]
[SourceTitle "playchess.com"]
[Source "ChessBase"]
[SourceQuality "1"]

{[%evp 12,17,1,-13,6,0,0,19]} 1. d4 e6 2. c4 Nf6 3. Nc3 Bb4 4. e3 O-O 5. Nge2 d5 6. a3 Bd6 7. Ng3 {The position is equal.} c6 {E46: Nimzo-Indian: Rubinstein: 4 e3 0-0 5 Ne2 without early Bd3} 8. Be2 e5 9. cxd5 {Predecessor:} exd4 $146 10. exd4 cxd5 11. O-O Nc6 12. Bf3 h6 13. Nge2 Bg4 14. Bxg4 Nxg4 15. Bf4 {½-½ (25) Hansen,L (2572)-Sargissian,G (2673) Heraklio 2007} *

[Event "85th Southwest Open 2019"]
[Site "Dallas"]
[Date "2019.09.03"]
[Round "9.22"]
[White "Polavaram, Rithik"]
[Black "Metpally, Jason"]
[Result "1/2-1/2"]
[WhiteElo "2062"]
[BlackElo "2125"]
[Annotator "TA"]
[PlyCount "74"]
[EventDate "2019.08.29"]
[EventType "swiss"]
[EventCountry "USA"]
[SourceTitle "playchess.com"]
[Source "ChessBase"]
[SourceQuality "1"]

{[%evp 12,74,15,-6,0,-4,6,0,0,0,4,-57,-64,-54,-45,-70,-52,-88,-15,-23,6,-71,-67,-68,-56,-66,-56,-57,-60,-83,-36,-76,-47,-37,-27,-81,-41,-37,-37,-40,-10,-56,-52,-87,-85,-83,-42,-56,-51,-36,-37,-52,0,0,0,0,0,0,0,-3,0,0,0,0,0]} 1. d4 e6 2. c4 Nf6 3. Nc3 Bb4 4. e3 O-O 5. Nge2 d5 6. a3 Bd6 7. Ng3 c6 {E46: Nimzo-Indian: Rubinstein: 4 e3 0-0 5 Ne2 without early Bd3} 8. Be2 e5 9. cxd5 (9. O-O dxc4 10. Bxc4 exd4 11. exd4 Nbd7 12. Ba2 Nb6 13. Bg5 h6 14. Bxf6 Qxf6 15. Nge4 {½-½ (30) Babula,V (2549)-Hracek,Z (2585) Ostrava 2019}) 9... exd4 10. Qxd4 cxd5 11. Nh5 $146 (11. O-O $11) ({Predecessor:} 11. O-O Nc6 12. Qa4 Be5 13. Rd1 Bxc3 14. bxc3 Qe7 15. Bf3 {1-0 (40) De Blecourt,S (2121)-Subramanian,A (1845) Ballerup 2014}) 11... Nxh5 $15 12. Bxh5 Be6 13. Bf3 Nc6 14. Qd2 {[#]} Ne7 (14... Qh4 $1 $17) 15. O-O Qb8 16. b4 (16. g3 $11) 16... Bxh2+ $17 17. Kh1 {Threatening g3.} Be5 $36 {[%mdl 2048] ...Qd8 is the strong threat. Black fights for an advantage.} 18. Bb2 Rd8 19. Ne2 Nf5 20. g3 Qd6 21. Nd4 Nxd4 (21... Bxd4 $5 22. Bxd4 Nxd4 23. Qxd4 h6 $15) 22. Bxd4 Rac8 23. Rad1 (23. Rac1 $11) 23... b6 24. Qb2 f6 25. Rd2 Bxd4 26. Qxd4 Rc4 27. Qb2 {[#]} Qe5 $1 28. Qb1 Bf5 29. Qb3 Be4 30. Bxe4 Qxe4+ 31. Kg1 Re8 (31... b5 $15) 32. Rfd1 $11 {The position is equal.} Re5 {( -> ...Rh5)} 33. Rd4 Rxd4 34. Rxd4 Qf3 35. Qc2 Rh5 {[%csl Gf3][%cal Rh5h1]} 36. Qc8+ Kf7 {[%csl Gf3][%cal Rh5h1]} 37. Qd7+ {[%mdl 64] Double Attack} Kf8 {Accuracy: White = 42%, Black = 47%.} 1/2-1/2